Statistics for r6 quiz

Click here to take the quiz!

General Stats

  • This quiz has been taken 249 times
  • The average score is 22 of 28

Answer Stats

111111Answer% Correct
11111bear trap11frost
97%
1111heart beat11pulse
95%
1111hammer time11sledge
92%
1111breching gun11ash
91%
1111yokia drone11echo
91%
1111breach charge thats takes out reforced wall11thermite
91%
11111shock drone11twitch
91%
1111111shield gun11blackbeard
87%
12314silent step11caveira
86%
1111flash shield11blitz
85%
1111barrivade11castle
85%
1111heal gun11doc
84%
11111elertric grenade11thatcher
84%
1111sniper111glaz
82%
1111active defense11jager
81%
11111turret11tachanka
81%
11111underbarrel shot gun11buck
79%
11111elertric device111bandit
75%
11111smoke grenade11smoke
75%
11111flamebolt11capitao
72%
11111rmor placeable11rook
72%
11111thermite gun11hibana
70%
111111laser device11kapkan
70%
1111extendable shield11montagne
70%
11111camaras11valkyrie
69%
11111drone device11mute
57%
1111grenade thingy11fuze
54%
1111write me for the anwser11me
49%

Score Distribution

Percentile by Number Answered

Percent of People with Each Score

Your Score History

You have not taken this quiz